[Event "8th TCh-Euro U18"]
[Site "Szeged HUN"]
[Date "2008.06.20"]
[Round "6"]
[White "Woods,C"]
[Black "Plaskan,J"]
[Result "1/2-1/2"]
[WhiteElo "1881"]
[BlackElo "2149"]

1.e4 c5 2.Nf3 d6 3.d4 cxd4 4.Nxd4 Nf6 5.Nc3 a6 6.Be3 e5 7.Nf3 h6 8.Bc4 Be7
9.O-O Be6 10.Bb3 O-O 11.Re1 Nbd7 12.Nh4 b5 13.Nf5 Nc5 14.Nd5 Bxf5 15.exf5 Nxb3
16.axb3 Nxd5 17.Qxd5 Qc8 18.c3 Qxf5 19.Qb7 Qe6 20.c4 Rfb8 21.Qc7 Rc8 22.Qb7 bxc4
23.bxc4 Rab8 24.Qxa6 Rxc4 25.Reb1 f5 26.b3 Rg4 27.f3 Rgb4 28.Ba7 R8b7 29.Qc6 Rxb3
30.Qxb7 Rxb7 31.Rxb7 d5 32.Rc1 d4 33.Rcc7 Bf6 34.Rb8+ Kh7 35.Rb6 Qa2 36.Rxf6 Qb1+
37.Kf2 f4 38.g3 d3 39.Rd6 Qb2+ 40.Kg1 Qd2 41.Rcd7 fxg3 42.hxg3 e4 43.fxe4 Qe1+
44.Kh2 Qe2+ 45.Kh3 Qf1+ 46.Kg4 h5+ 47.Kxh5 Qh3+ 48.Kg5 Qxg3+ 49.Kf5 Qf3+
50.Ke5 Qg3+ 51.Ke6 Qg4+ 52.Kf7 Qxe4 53.Rxd3 Qg6+ 54.Ke7 Qf6+ 55.Ke8 Kg8 56.Bc5 Qa6
57.Ba3 Qe6+ 58.Be7 Qg6+ 59.Kd8 Qb6+ 60.Kc8 Qc6+ 61.Kb8 Qb5+ 62.Kc7 Qe5+ 63.R3d6 Qc5+
64.Kd8 Qa5+ 65.Rc7 Qa8+ 66.Rc8 Qa5+  1/2-1/2

[Event "8th TCh-Euro U18 Girls"]
[Site "Szeged HUN"]
[Date "2008.06.20"]
[Round "6"]
[White "Papp,P"]
[Black "Vombek,S"]
[Result "1-0"]
[WhiteElo "2067"]
[BlackElo "1888"]

1.e4 c5 2.Nf3 d6 3.d4 cxd4 4.Nxd4 Nf6 5.Nc3 a6 6.Be3 e5 7.Nb3 Be6 8.f3 Be7
9.Qd2 O-O 10.O-O-O Qc7 11.g4 Rc8 12.g5 Nh5 13.Nd5 Bxd5 14.exd5 a5 15.Bh3 a4
16.Nc5 Rd8 17.Ne4 a3 18.b3 Nd7 19.Ng3 Nf4 20.Bxd7 Rxd7 21.Bxf4 exf4 22.Ne4 Rc8
23.Kb1 Bd8 24.Rhg1 Re7 25.Rc1 Re5 26.c4 Qe7 27.Qxf4 b5 28.cxb5 Rxc1+ 29.Qxc1 Rxe4
30.fxe4 Qxe4+ 31.Qc2 Qxd5 32.Re1 Kf8 33.Qxh7  1-0

[Event "8th TCh-Euro U18"]
[Site "Szeged HUN"]
[Date "2008.06.20"]
[Round "6"]
[White "Cabrera Trujillo,J"]
[Black "Klek,H"]
[Result "1-0"]
[WhiteElo "2372"]
[BlackElo "1919"]

1.e4 c5 2.Nf3 d6 3.d4 cxd4 4.Nxd4 Nf6 5.Nc3 a6 6.Be3 e5 7.Nde2 Be7 8.Ng3 Be6
9.Be2 O-O 10.O-O d5 11.exd5 Nxd5 12.Nxd5 Bxd5 13.Nf5 Nc6 14.Nxe7+ Nxe7 15.Bc5 Re8
16.c4 Be6 17.Qxd8 Raxd8 18.b3 Rc8 19.Bb6 Ng6 20.Bf3 Re7 21.Rfe1 f6 22.g3 Nf8
23.Rad1 Kf7 24.Ba5 b5 25.c5 Bd7 26.Bb7 Rb8 27.Bg2 Rc8 28.Bb7 Rb8 29.c6 Bg4
30.Rd8 Re8 31.Rxb8 Rxb8 32.Bc7 Re8 33.Bxa6 Ra8 34.Bxb5 Rxa2 35.Bb6 Rc2 36.Bc4+ Ke8
37.Ra1  1-0

[Event "Marshall NY Int"]
[Site "New York USA"]
[Date "2008.06.21"]
[Round "1"]
[White "Tyehimba,B"]
[Black "Sarkar,J"]
[Result "0-1"]
[WhiteElo "2240"]
[BlackElo "2412"]

1.e4 c5 2.Nf3 d6 3.d4 cxd4 4.Nxd4 Nf6 5.Nc3 a6 6.Be3 e5 7.Nb3 Be6 8.Qd2 Nbd7
9.f3 h5 10.h4 Be7 11.O-O-O b5 12.Kb1 Nb6 13.Bxb6 Qxb6 14.Nd5 Bxd5 15.exd5 a5
16.Qd3 Rb8 17.Nd2 g6 18.Ne4 b4 19.Nxf6+ Bxf6 20.Qa6 Kf8 21.Qxb6 Rxb6 22.g3 Kg7
23.Bc4 a4 24.Rd2 Be7 25.Re2 Rc8 26.b3 f5 27.g4 axb3 28.cxb3 hxg4 29.fxg4 Rh8
30.gxf5 gxf5 31.Rg2+ Kf6 32.h5 Rbb8 33.Rg6+ Kf7 34.Be2 Rbg8 35.Rhg1 Rxg6
36.Rxg6 e4 37.Re6 Rg8 38.h6 Rg1+ 39.Kc2 Rg2 40.Kd1 Rh2 41.Ke1 Bf8 42.Bb5 Rxh6
43.Rxh6 Bxh6 44.Bd7 Kf6 45.Ke2 Ke5 46.Be6 f4 47.Bg8 f3+ 48.Kf2 Kf4  0-1

[Event "8th TCh-Euro U18"]
[Site "Szeged HUN"]
[Date "2008.06.21"]
[Round "7"]
[White "Kaphle,St"]
[Black "Plaskan,J"]
[Result "1/2-1/2"]
[WhiteElo "2136"]
[BlackElo "2149"]

1.e4 c5 2.Nf3 d6 3.d4 cxd4 4.Nxd4 Nf6 5.Nc3 a6 6.Be3 e5 7.Nf3 Be7 8.Bc4 O-O
9.O-O Qc7 10.Bb3 b5 11.Bg5 Nbd7 12.Nd5 Qd8 13.Nxe7+ Qxe7 14.Nh4 Nb6 15.Qf3 Kh8
16.Rfd1 Nc4 17.Bxc4 bxc4 18.Bxf6 gxf6 19.g3 Rg8 20.Rd2 Rb8 21.Qa3 Be6 22.b3 Qb7
23.Re1 d5 24.exd5 Bxd5 25.Qd6 Be6 26.Nf5 Qb4 27.Red1 c3 28.Rd3 Rb6 29.Qxb4 Rxb4
30.Nd6 Bg4 31.Re1 Kg7 32.f3 Be6 33.Rxc3 Rd8 34.Ne4 Bf5 35.Rc6 Bxe4 36.Rxe4 a5
37.Re2 Rd1+ 38.Kf2 a4 39.c3 Rb5 40.b4 Rc1 41.g4 a3 42.Kg3 Rxb4 43.cxb4 Rxc6
44.Re3 Rb6 45.Rxa3 Rxb4 46.Ra8 Rb2 47.h3 h6 48.a4 Ra2 49.a5 Kh7 50.a6 Kg7
51.h4 Kh7 52.Kh3 Kg7 53.Kg3 Kh7 54.a7 Kg7  1/2-1/2

[Event "8th TCh-Euro U18 Girls"]
[Site "Szeged HUN"]
[Date "2008.06.21"]
[Round "7"]
[White "Deur,Z"]
[Black "Uta,Ad"]
[Result "1-0"]
[WhiteElo "2009"]
[BlackElo "1976"]

1.e4 c5 2.Nf3 d6 3.d4 cxd4 4.Nxd4 Nf6 5.Nc3 a6 6.Be3 e5 7.Nde2 Ng4 8.Qd2 Be6
9.O-O-O Nxe3 10.Qxe3 Nd7 11.Kb1 b5 12.f4 b4 13.Nd5 Bxd5 14.exd5 Be7 15.g4 exf4
16.Qxf4 Rb8 17.Nd4 Ne5 18.Bd3 O-O 19.h4 Bf6 20.Nf5 Nxd3 21.Rxd3 Be5 22.Qf2 a5
23.g5 a4 24.Rf1 a3 25.b3 Rc8 26.Nd4 Bxd4 27.Qxd4 Qc7 28.Rc1 Qa5 29.h5 Rc5
30.h6 f6 31.gxf6 g6 32.Re1 Rc7 33.Rf3 Rcf7 34.Re7 Qc5 35.Qxc5 dxc5 36.Re6 Rd8
37.d6 Rfd7 38.f7+ Rxf7 39.Rff6 Rdf8 40.Rxf7 Kxf7 41.Re7+ Kf6 42.Rxh7 Ke6
43.Kc1 Kxd6 44.Rg7 Rf2 45.Rxg6+ Kd5 46.Rg5+ Kd4  1-0

[Event "Open"]
[Site "Teplice CZE"]
[Date "2008.06.21"]
[Round "8"]
[White "Krejci,Jan2"]
[Black "Luch,M"]
[Result "1/2-1/2"]
[WhiteElo "2354"]
[BlackElo "2383"]

1.e4 c5 2.Nf3 d6 3.d4 cxd4 4.Nxd4 Nf6 5.Nc3 a6 6.Be3 e5 7.Nb3 Be6 8.f3 Be7
9.Qd2 O-O 10.O-O-O Nbd7 11.g4 b5 12.g5 b4 13.Ne2 Ne8 14.Kb1 a5 15.Nbc1 a4
16.f4 exf4  1/2-1/2

[Event "12th North American FIDE Inv"]
[Site "Chicago USA"]
[Date "2008.06.22"]
[Round "3"]
[White "Yuan Yuanling"]
[Black "Felecan,F"]
[Result "0-1"]
[WhiteElo "2119"]
[BlackElo "2377"]

1.e4 c5 2.Nf3 d6 3.d4 cxd4 4.Nxd4 Nf6 5.Nc3 a6 6.Be3 e5 7.Nb3 Be6 8.f3 Nbd7
9.Qd2 Be7 10.g4 h6 11.O-O-O b5 12.Kb1 Qc7 13.h4 Nb6 14.Qf2 Rb8 15.Rg1 Nc4
16.Bxc4 bxc4 17.Nc1 d5 18.exd5 Qb7 19.b3 Nxd5 20.Nxd5 Bxd5 21.Bc5 Bc6 22.g5 h5
23.Rge1 O-O 24.Rxe5 Bxc5 25.Qxc5 cxb3 26.cxb3 Bxf3 27.Re7 Qb4 28.Qxb4 Rxb4
29.Rf1 Be4+ 30.Kb2 Bg6 31.Rh1 Rd8 32.a3 Rg4 33.Re2 Rdd4 34.Reh2 a5 35.Kc3 Rdf4
36.Rh3 Rf2 37.Nd3 Ra2 38.a4 Rgg2 39.Rc1 Rh2 40.Rh1 Rac2+ 41.Kd4 Rhd2 42.Re1 Rc8
43.Ree3 Bf5 44.Rhf3 Be6 45.Re5 Bxb3 46.Rxa5 Bc2 47.Rd5 Bxa4 48.Rf4 Bb3 49.Ke3 Rd1
50.Rdd4 Re8+ 51.Rfe4 Rxe4+ 52.Rxe4 Bc2 53.Rd4 Rxd3+ 54.Rxd3 Bxd3 55.Kxd3 Kf8
56.Kd4 Ke7 57.Ke5 Kd7 58.Kd5 Kc7 59.Ke5 Kd7 60.Kd5 f6 61.gxf6 gxf6 62.Ke4 Ke7
63.Kf5 Kf7 64.Ke4 Ke6 65.Kf4 f5 66.Kg5 Ke5 67.Kxh5 Kf6 68.Kh6 f4 69.h5 f3
70.Kh7 f2 71.h6 Kf7  0-1

[Event "22th Open"]
[Site "Pula CRO"]
[Date "2008.06.22"]
[Round "2"]
[White "Platzgummer,F"]
[Black "Fercec,N"]
[Result "0-1"]
[WhiteElo "2185"]
[BlackElo "2492"]

1.e4 c5 2.Nf3 d6 3.d4 cxd4 4.Nxd4 Nf6 5.Nc3 a6 6.Be3 e5 7.Nb3 Be6 8.f3 Be7
9.Qd2 O-O 10.O-O-O a5 11.Qe1 Qc8 12.a4 Nc6 13.g4 Nb4 14.g5 Nh5 15.Kb1 f5
16.gxf6 Nxf6 17.Bg5 d5 18.exd5 Bf5 19.Bd3 Bxd3 20.cxd3 Qf5 21.Bxf6 Rxf6 22.Ne4 Rb6
23.d6 Bxd6 24.Nxd6 Rxd6 25.Qe4 Qf7 26.Qc4 Rd5 27.Rhf1 Qe8 28.d4 Rc8 29.Nc5 exd4
30.Rxd4 Rxc5  0-1

[Event "TCh-TUR"]
[Site "Kocaeli TUR"]
[Date "2008.06.24"]
[Round "1"]
[White "Ozdogan,B"]
[Black "Tasdelen,D"]
[Result "1-0"]
[WhiteElo "2017"]
[BlackElo "1977"]

1.e4 c5 2.Nf3 d6 3.d4 cxd4 4.Nxd4 Nf6 5.Nc3 a6 6.Be3 e5 7.Nb3 Be6 8.f3 Be7
9.Qd2 Nbd7 10.O-O-O b5 11.Nd5 Bxd5 12.exd5 Nb6 13.Bxb6 Qxb6 14.Na5 O-O 15.Nc6 Bd8
16.Kb1 Rc8 17.c4 bxc4 18.Bxc4 Nd7 19.Rhe1 Bf6 20.Rc1 Nb8 21.Nxb8 Rxb8 22.Rc2 Rfc8
23.Bb3 Rxc2 24.Qxc2 Bg5 25.Rd1 a5 26.Qc6 Qb4 27.Qc4 a4 28.Qxb4 Rxb4 29.Bc2 Bf4
30.a3 Rc4 31.h3 Be3 32.Bd3 Rc5 33.Bc2 Rc4 34.Bd3 Rc5 35.Bc2 Rc4 36.Rd3 Bd4
37.b4 axb3 38.Rxb3 g6 39.a4 Rc5 40.Rb5 Rxb5+ 41.axb5  1-0

[Event "TCh-TUR"]
[Site "Kocaeli TUR"]
[Date "2008.06.25"]
[Round "3"]
[White "Erdogdu,M"]
[Black "Banikas,H"]
[Result "1/2-1/2"]
[WhiteElo "2434"]
[BlackElo "2600"]

1.e4 c5 2.Nf3 d6 3.d4 cxd4 4.Nxd4 Nf6 5.Nc3 a6 6.Be3 e5 7.Nb3 Be6 8.f3 Be7
9.Qd2 Nbd7 10.g4 O-O 11.O-O-O b5 12.g5 b4 13.Ne2 Ne8 14.f4 a5 15.f5 a4 16.fxe6 axb3
17.exf7+ Rxf7 18.Kb1 bxc2+ 19.Kxc2 Nb6 20.Nc1 d5 21.exd5 Nd6 22.Kb1 Nbc4
23.Bxc4 Nxc4 24.Qe2 Nxe3 25.g6 Nxd1 26.gxf7+ Kxf7 27.Rxd1 Bd6 28.Nb3 Qd7
29.Nd2 Qa4 30.Rf1+ Ke7 31.Qc4 Qa6 32.Qb3 Qa4 33.Qc4 Qa6  1/2-1/2

[Event "4th IRT Soc. Italiana"]
[Site "Merlo ARG"]
[Date "2008.06.25"]
[Round "4"]
[White "Tomeo,I"]
[Black "Lugo,Ser"]
[Result "0-1"]
[WhiteElo "2076"]
[BlackElo "1997"]

1.e4 c5 2.Nf3 d6 3.d4 cxd4 4.Nxd4 Nf6 5.Nc3 a6 6.Be3 e6 7.g4 b5 8.g5 Nfd7
9.a3 Bb7 10.h4 Be7 11.Rg1 Nc6 12.Bh3 Nxd4 13.Bxd4 e5 14.Be3 Nb6 15.h5 Nc4
16.g6 fxg6 17.hxg6 Nxe3 18.Qh5 Nxc2+ 19.Kd1 Nd4 20.Ne2 h6 21.Nxd4 exd4 22.Be6 Bf6
23.f4 Qe7 24.Bf7+ Kd8 25.Re1 Bh4 26.Rh1 Bf2 27.e5 dxe5 28.fxe5 Bxh1 29.Qxh1 Rc8
30.Rc1 Rxc1+ 31.Kxc1 Be3+ 32.Kb1 Kc7 33.e6 Rc8 34.Qe4 Kb6 35.Qe5 Rc5 36.Qb8+ Kc6
37.Be8+ Kd5 38.Bd7 Rc1+ 39.Ka2 Qc5 40.Qa8+ Ke5 41.Qb8+ Ke4 42.Qb7+ Kd3  0-1

[Event "IV Open"]
[Site "Sort ESP"]
[Date "2008.06.25"]
[Round "2"]
[White "Vishnu,P"]
[Black "Ibrahimov,R"]
[Result "1/2-1/2"]
[WhiteElo "2353"]
[BlackElo "2535"]

1.e4 c5 2.Nf3 d6 3.d4 cxd4 4.Nxd4 Nf6 5.Nc3 a6 6.Be3 e5 7.Nb3 Be6 8.f3 Nbd7
9.g4 Nb6 10.Qd2 Rc8 11.O-O-O Be7 12.Kb1 Qc7 13.g5 Nh5 14.Rg1 O-O 15.Qf2 Nc4
16.Bxc4 Bxc4 17.Nd5 Bxd5 18.Rxd5 f5 19.gxf6 Rxf6 20.Rd3 Rcf8 21.Nd2 R8f7
22.Qe2 Qd7 23.b3 h6 24.Nc4 Qe6 25.Bc1 b5  1/2-1/2

[Event "Match"]
[Site "Podgorica MNE"]
[Date "2008.06.27"]
[Round "1"]
[White "Djukic,Ni"]
[Black "Ivanovic,B"]
[Result "1-0"]
[WhiteElo "2543"]
[BlackElo "2444"]

1.e4 c5 2.Nf3 d6 3.d4 cxd4 4.Nxd4 Nf6 5.Nc3 a6 6.Be3 e5 7.Nb3 Be6 8.f3 Nbd7
9.g4 Be7 10.Qd2 O-O 11.O-O-O b5 12.Rg1 Qc7 13.g5 Nh5 14.Kb1 Nb6 15.Nd5 Nxd5
16.exd5 Bf5 17.Bd3 Bxd3 18.Qxd3 f5 19.f4 exf4 20.Bd2 Rac8 21.Nd4 Qc4 22.Ne6 Rf7
23.Rgf1 Qxd3 24.cxd3 g6 25.Bxf4 Nxf4 26.Rxf4 h6 27.h4 hxg5 28.hxg5 Rh7 29.a4 Rh2
30.axb5 axb5 31.Rg1 Kf7 32.Rb4 Rb8 33.Rc1 Rb7 34.Ka2 Rh5 35.Rg1 Rh3 36.Rd1 Rb8
37.Kb3 Rb7 38.Rd4 Rh5 39.Rg1 Rh3  1-0

[Event "XII Izmailov Mem"]
[Site "Tomsk RUS"]
[Date "2008.06.27"]
[Round "3"]
[White "Tologontegin,S"]
[Black "Smikovski,I"]
[Result "1/2-1/2"]
[WhiteElo "2388"]
[BlackElo "2555"]

1.e4 c5 2.Nf3 d6 3.d4 cxd4 4.Nxd4 Nf6 5.Nc3 a6 6.Be3 e5 7.Nf3 Be7 8.Bc4 O-O
9.O-O Be6 10.Bb3 Nc6 11.Bg5 Nd7 12.Bxe7 Qxe7 13.Qe2 Nc5 14.Rad1 b5 15.Bd5 Qc7
16.h3 Rad8 17.a3 Ne7 18.Qe3 h6 19.Rd2 Nd7 20.Nh4 Nb6 21.b3 Bxd5 22.Nxd5 Nbxd5
23.exd5 f5 24.f4 e4 25.g4 Qc8 26.Nxf5 Nxf5 27.gxf5 Qxf5 28.c4 bxc4 29.bxc4 Rb8
30.Kh1 Rb7 31.Re2 Re8 32.Rd1 Kh8 33.Rd4 Rf7 34.Kg2 Rfe7 35.Kg3 Qh5 36.Kh2 Qh4
37.Kg2 Qh5 38.Kh2 Kh7 39.Re1 Kg8 40.Re2 Kh8  1/2-1/2

[Event "IV Open"]
[Site "Sort ESP"]
[Date "2008.06.28"]
[Round "6"]
[White "Abreu Delgado,A"]
[Black "Ibrahimov,R"]
[Result "0-1"]
[WhiteElo "2483"]
[BlackElo "2535"]

1.e4 c5 2.Nf3 d6 3.d4 cxd4 4.Nxd4 Nf6 5.Nc3 a6 6.Be3 e5 7.Nb3 Be6 8.f3 h5
9.Nd5 Bxd5 10.exd5 Nbd7 11.Qd2 g6 12.O-O-O Qc7 13.Kb1 b6 14.h4 Bg7 15.Be2 Nc5
16.g3 Qd7 17.Qb4 Qc7 18.f4 exf4 19.Qxf4 O-O 20.Bf3 Rae8 21.Bd4 Qe7 22.Rh2 Nfd7
23.Re2 Ne5 24.Rde1 Qd7 25.Bg2 Re7 26.Nd2 Rfe8 27.Nb3 Ng4 28.Bf3 Bh6 29.Nxc5 bxc5
30.Rxe7 Rxe7 31.Rxe7 Qxe7 32.Qe4 Qxe4 33.Bxe4 cxd4 34.b4 Bd2 35.a3 Ne5 36.Bg2 a5  0-1

[Event "Match"]
[Site "Podgorica MNE"]
[Date "2008.06.29"]
[Round "3"]
[White "Djukic,Ni"]
[Black "Ivanovic,B"]
[Result "1-0"]
[WhiteElo "2543"]
[BlackElo "2444"]

1.e4 c5 2.Nf3 d6 3.d4 cxd4 4.Nxd4 Nf6 5.Nc3 a6 6.Be3 e5 7.Nb3 Be6 8.f3 Be7
9.Qd2 Nbd7 10.g4 O-O 11.g5 Nh5 12.O-O-O b5 13.Nd5 Bxd5 14.exd5 f5 15.gxf6 Bxf6
16.Na5 Nf4 17.Nc6 Qe8 18.Bd3 Bg5 19.Be4 Kh8 20.Kb1 Rf6 21.h4 Bh6 22.c3 Rf8
23.Qc2 Nf6 24.c4 bxc4 25.Qxc4 Ng2 26.Bxh6 gxh6 27.Rd3 Nxe4 28.fxe4 Rf4 29.Rg3 Nxh4
30.Qe2 Qf7 31.Rgh3 Qf6 32.a3 Rg8 33.Qh5 Qg6 34.Qxg6 Nxg6 35.Rxh6 Rg7 36.Nd8 Rf2
37.Ne6 Rb7 38.b4 Rg2 39.Rc1 Ne7 40.Nd8 Rb8 41.Rxd6 Ng6 42.Nf7+ Kg7 43.Rc7 Rf8
44.Rdd7 Kf6 45.Rc6+ Kg7 46.Nd6+ Kh6 47.Nf7+ Kh5 48.Rxa6 Rf2 49.Raa7 Rg8 50.Rdc7 Nf4
51.Nxe5 h6 52.Rc2 Rf1+ 53.Ka2 Re8 54.Rg7 Rh1 55.Nd7 Nxd5 56.exd5 Re3 57.Nf6+ Kh4
58.Rg4+ Kh3 59.Rgc4 Rf1 60.R4c3 Ref3  1-0

[Event "TCh-TUR"]
[Site "Kocaeli TUR"]
[Date "2008.06.30"]
[Round "11"]
[White "Firat,B"]
[Black "Yilmaz,M"]
[Result "0-1"]
[WhiteElo "2189"]
[BlackElo "2342"]

1.e4 c5 2.Nf3 d6 3.d4 cxd4 4.Nxd4 Nf6 5.Nc3 a6 6.Be3 e5 7.Nf3 Qc7 8.a4 Be7
9.a5 O-O 10.Be2 Nc6 11.Bb6 Qd7 12.Qd2 Bd8 13.O-O-O Nxa5 14.Qxd6 Qxd6 15.Rxd6 Bxb6
16.Rxb6 Nc6 17.Rd1 Nd7 18.Rb3 Nc5 19.Ra3 Be6 20.Ng5 Rad8 21.Nxe6 fxe6 22.Rxd8 Rxd8
23.Bf3 Nd4 24.b4 Nd7 25.Ne2 Rc8 26.Nxd4 exd4 27.Be2 Rc7 28.Rd3 e5 29.g3 Nf6
30.f3 Kf7 31.Kd2 Ke6 32.Ra3 g5 33.h3 h5 34.Bd3 Ne8 35.c3 dxc3+ 36.Rxc3 Rxc3
37.Kxc3 h4 38.g4 Nd6 39.Be2 Kd7 40.Bd1 Kc6 41.Ba4+ b5 42.Bb3 Kb6 43.Be6 Nb7
44.Bd5 Nd8 45.Bb3 Nc6 46.Bd1 a5 47.bxa5+ Kxa5 48.Bc2 Kb6 49.Bb3 Kc5 50.Bc2 Nd4
51.Bd1 b4+ 52.Kd3 Ne6  0-1

[Event "5th GM"]
[Site "Mulhouse FRA"]
[Date "2008.06.30"]
[Round "8"]
[White "Riff,JN"]
[Black "Kurmann,O"]
[Result "1/2-1/2"]
[WhiteElo "2487"]
[BlackElo "2385"]

1.e4 c5 2.Nf3 d6 3.d4 cxd4 4.Nxd4 Nf6 5.Nc3 a6 6.Be3 Ng4 7.Bc1 Nf6 8.Be3 Ng4
9.Bg5 h6 10.Bh4 g5 11.Bg3 Bg7 12.h3 Nf6 13.Be2 Qb6 14.Nb3 Be6 15.Qd2 Nbd7
16.f3 Rc8 17.Bf2 Qc7 18.h4 g4 19.f4 b5 20.Bd3 Nc5 21.Nxc5  1/2-1/2

[Event "Svein Johannessen Mem"]
[Site "Oslo NOR"]
[Date "2008.06.30"]
[Round "7"]
[White "Omtvedt,P"]
[Black "Sousa,H"]
[Result "1-0"]
[WhiteElo "2138"]
[BlackElo "2190"]

1.e4 c5 2.Nf3 d6 3.d4 cxd4 4.Nxd4 Nf6 5.Nc3 a6 6.Be3 e6 7.a4 Be7 8.Be2 b6
9.f4 Bb7 10.Bd3 Nbd7 11.O-O Qc7 12.Qf3 Nc5 13.h3 h5 14.g3 Rc8 15.Rf2 Qb8
16.Re1 Qa8 17.Bd2 Nfd7 18.Qe2 Bf6 19.Qe3 Rc7 20.Rh2 Qd8 21.Bf1 e5 22.Nf5 Nf8
23.b4 exf4 24.gxf4 Nce6 25.Qxb6 Nd7 26.Nxd6+ Kf8 27.Nxb7 Qb8 28.Qd6+ Be7
29.Qd3 Rxb7 30.Nd5 Bh4 31.Rd1 a5 32.b5 Ndc5 33.Qa3 Kg8 34.f5 Nxe4 35.fxe6 fxe6
36.Bf4 Qd8 37.Bc4 Rd7 38.Qe3 Nf2 39.Qxe6+ Rf7 40.Rxf2 Bxf2+ 41.Kxf2 Qh4+
42.Kg2 Rh6 43.Ne7+  1-0

[Event "IV Open"]
[Site "Sort ESP"]
[Date "2008.06.30"]
[Round "8"]
[White "Abreu Delgado,A"]
[Black "Nadig,K"]
[Result "0-1"]
[WhiteElo "2483"]
[BlackElo "2213"]

1.e4 c5 2.Nf3 d6 3.d4 Nf6 4.Nc3 cxd4 5.Nxd4 a6 6.Be3 e5 7.Nb3 Be6 8.f3 Be7
9.Qd2 O-O 10.O-O-O Nbd7 11.g4 b5 12.Rg1 Nb6 13.Na5 Qc7 14.g5 Nfd7 15.Kb1 Nc5
16.Nd5 Nxd5 17.exd5 Bd7 18.h4 Rab8 19.a3 Na4 20.Qb4 Rbc8 21.Bd3 Nc5 22.Bxc5 dxc5
23.Qd2 c4 24.d6 Bxd6 25.Bxh7+ Kxh7 26.Qxd6 Bf5 27.Qxc7 Rxc7 28.Rd6 Bg6 29.Rxa6 Re8
30.Rd6 Ra8 31.Nc6 Ra6 32.Rxg6 Kxg6 33.Nxe5+ Kf5 34.Ng4 Kf4 35.Rd1 Kxf3 36.Ne5+ Ke4
37.Re1+ Kf5 38.Nf3 Kg4 39.Nd4 Kxh4 40.Re5 Rb7 41.Rc5 g6 42.Nxb5 Ra5 43.Rxc4+ Kxg5
44.a4 f5 45.Nc3 f4 46.Kc1 Re5 47.Ne4+ Kg4 48.Nf2+ Kg3 49.Nd3 Rf5 50.b4 f3
51.b5 g5 52.Rd4 f2 53.Nxf2 Kxf2 54.c4 Ra7 55.Kb2 Rxa4 56.Kb3 Ra8 57.Kb4 Rf4
58.Rd2+ Ke3 59.Rc2 g4 60.b6 g3 61.Kb5 Rf2 62.Rc3+ Kf4 63.Rc1 g2 64.Rg1 Rb2+
65.Kc6 Rc8+ 66.Kd5 Kg3  0-1

[Event "XIX ch-Panam U18"]
[Site "Villa Carlos Paz ARG"]
[Date "2008.06.30"]
[Round "1"]
[White "Vaz,L"]
[Black "Morales Garcia,S"]
[Result "1-0"]
[WhiteElo "2009"]
[BlackElo "2265"]

1.e4 c5 2.Nf3 d6 3.d4 cxd4 4.Nxd4 Nf6 5.Nc3 a6 6.Be3 e6 7.Be2 Be7 8.O-O O-O
9.f4 Qc7 10.Qe1 Nc6 11.Rd1 Bd7 12.Qg3 b5 13.a3 Kh8 14.Nxc6 Bxc6 15.Bd4 Rad8
16.Bd3 Rg8 17.e5 dxe5 18.Bxe5 Qb6+ 19.Kh1 a5 20.Qh3 h6 21.Ne4 Bxe4 22.Bxe4 Qf2
23.Bd3 Qc5 24.Rfe1 Rd5 25.Qf3 Rgd8 26.Bc3 b4 27.axb4 axb4 28.Be5 Nd7 29.Qe4 f5
30.Qe2 Nxe5 31.fxe5 Qd4 32.b3 Bc5  1-0

[Event "Svein Johannessen Mem"]
[Site "Oslo NOR"]
[Date "2008.07.01"]
[Round "9"]
[White "Sousa,H"]
[Black "Torgersen,T"]
[Result "1-0"]
[WhiteElo "2190"]
[BlackElo "2076"]

1.e4 c5 2.Nf3 d6 3.d4 cxd4 4.Nxd4 Nf6 5.Nc3 a6 6.Be3 e6 7.Be2 Be7 8.a4 Nc6
9.f4 Bd7 10.O-O Rb8 11.Kh1 Nxd4 12.Bxd4 b5 13.e5 Nd5 14.Nxd5 exd5 15.e6 Bxe6
16.f5 Bd7 17.Bxg7 Rg8 18.f6 Qc8 19.Qd3 Bf8 20.Qxh7 Bxg7 21.Qxg8+ Bf8 22.Rfe1 Be6
23.axb5 axb5 24.Ra7  1-0

[Event "XII Izmailov Mem"]
[Site "Tomsk RUS"]
[Date "2008.07.01"]
[Round "7"]
[White "Simonov,S"]
[Black "Voitsekhovsky,S"]
[Result "0-1"]
[WhiteElo "2317"]
[BlackElo "2511"]

1.e4 c5 2.Nf3 d6 3.d4 cxd4 4.Nxd4 Nf6 5.Nc3 a6 6.Be3 e5 7.Nf3 h6 8.a4 Be6
9.Be2 Nbd7 10.O-O Be7 11.a5 O-O 12.h3 Rc8 13.Qd2 Nc5 14.Bxc5 Rxc5 15.b4 Rc8
16.Bd3 Qc7 17.Na4 d5 18.exd5 Nxd5 19.Nc3 Bc5 20.bxc5 Qxc5 21.Nxe5 Nb4 22.Qe2 Rfe8
23.Rfe1 Qxc3 24.Qe4 Nxd3 25.cxd3 Rc5 26.Qf4 Rd8 27.Qe4 Rxa5 28.Rab1 Rb5 29.Rxb5 axb5
30.Rb1 Rd5 31.f4 Rd4 32.Qxb7 Rxf4 33.Qxb5 Qd4+ 34.Kh2 Rf5 35.Re1 Qf4+ 36.Kh1 Qg3
37.Qa5 Bd5 38.Nf3 Rxf3  0-1

[Event "XIX ch-Panam U18"]
[Site "Villa Carlos Paz ARG"]
[Date "2008.07.01"]
[Round "3"]
[White "Blackman,J"]
[Black "Morales Garcia,S"]
[Result "0-1"]
[WhiteElo "2001"]
[BlackElo "2265"]

1.e4 c5 2.Nf3 d6 3.d4 cxd4 4.Nxd4 Nf6 5.Nc3 a6 6.Be3 e6 7.Qd2 b5 8.f3 b4
9.Na4 Nbd7 10.Qxb4 d5 11.Qc3 dxe4 12.fxe4 Bb7 13.Bg5 Nxe4 14.Bxd8 Nxc3 15.Nxc3 Rxd8
16.O-O-O g6 17.Nb3 Nc5 18.Rxd8+ Kxd8 19.Be2 Nxb3+ 20.axb3 Bh6+ 21.Kb1 Bxg2
22.Rd1+ Ke7 23.Bxa6 f5 24.Bf1 Bxf1 25.Rxf1 e5 26.Nd5+ Kd6 27.c4 e4 28.Kc2 Ke5
29.b4 f4 30.b5 f3 31.b6 e3 32.Nxe3 Bxe3 33.Rxf3 Bxb6 34.b4 Bg1 35.h3 Rg8
36.Rd3 Bd4 37.Kb3 g5 38.b5 h5 39.Kb4 g4 40.hxg4 hxg4 41.Rg3 Kf4 42.Rd3 Ke4
43.Rg3 Bf2 44.Rg2 g3 45.c5 Kf3 46.Rxg3+ Bxg3 47.b6 Ke4 48.c6 Kd5 49.Kb5 Rb8  0-1

[Event "XIX ch-Panam U18"]
[Site "Villa Carlos Paz ARG"]
[Date "2008.07.01"]
[Round "3"]
[White "Vaz,L"]
[Black "Cruz,Jon"]
[Result "0-1"]
[WhiteElo "2009"]
[BlackElo "2274"]

1.e4 c5 2.Nf3 d6 3.d4 cxd4 4.Nxd4 Nf6 5.Nc3 a6 6.Be3 e5 7.Nb3 Be6 8.Be2 Be7
9.O-O O-O 10.Kh1 Nc6 11.Rc1 b5 12.a3 Rb8 13.f3 d5 14.exd5 Nxd5 15.Nxd5 Bxd5
16.Nc5 Bxc5 17.Bxc5 Re8 18.b4 e4 19.c4 exf3 20.Bxf3 Bxf3 21.Qxf3 Ne5 22.Qf4 Rb7
23.cxb5 axb5 24.Rcd1 Rd7 25.Rxd7 Qxd7 26.h3 f6 27.Qc1 Qd3 28.Rd1 Qb3 29.Qd2 Qxa3
30.Qd5+ Nf7 31.Qd7 Rd8 32.Qg4 Qa8 33.Rxd8+ Qxd8 34.Qe2 Qd7 35.Qa2 h6 36.Qa8+ Kh7
37.Qe4+ f5 38.Qc2 Qd5 39.Qe2 Qd7 40.Qc2 Ng5 41.Bf8 Ne4 42.g4 Qd5 43.Qc1 Qd3
44.Kh2 Qg3+  0-1

[Event "XII Izmailov Mem"]
[Site "Tomsk RUS"]
[Date "2008.07.02"]
[Round "8"]
[White "Amonatov,F"]
[Black "Nechepurenko,R"]
[Result "1/2-1/2"]
[WhiteElo "2649"]
[BlackElo "2485"]

1.e4 c5 2.Nf3 d6 3.d4 cxd4 4.Nxd4 Nf6 5.Nc3 a6 6.Be3 e5 7.Nf3 Be7 8.Bc4 O-O
9.O-O h6 10.Qe2 Qc7 11.Rfd1 Bg4 12.h3 Bxf3 13.gxf3 Nbd7 14.Kh2 Rac8 15.Bb3 Nc5
16.Rg1 Kh7 17.f4 Nxb3 18.axb3 d5 19.fxe5 Nxe4 20.Bd4 Nxc3 21.Bxc3 g6 22.Rad1 b5
23.b4 Qd7 24.Qf3 Rc4 25.Rxd5 Qe6 26.Rg4 Rfc8 27.Rd3 h5 28.Rf4 Rxf4 29.Qxf4 Rc4
30.Rd4 Rxd4 31.Qxd4 Qf5 32.Kg2 Qg5+ 33.Kh2 Qf5 34.Qd2 Bg5 35.Qe2 Bf4+ 36.Kg2 Kh6
37.Bd4 Qg5+ 38.Kf1 Qf5 39.Qf3 g5 40.c3 Kg6 41.Qc6+ Kh7 42.Kg2 g4 43.h4 Qd3
44.e6 Qh3+ 45.Kg1 Bh2+ 46.Kh1 Be5+  1/2-1/2

[Event "Sparkassen Open"]
[Site "Dortmund GER"]
[Date "2008.07.03"]
[Round "5"]
[White "Fox,J"]
[Black "Krueger,Geo"]
[Result "1-0"]
[WhiteElo "1969"]
[BlackElo "1740"]

1.e4 c5 2.Nf3 d6 3.d4 cxd4 4.Nxd4 Nf6 5.Nc3 a6 6.Be3 e6 7.f3 Be7 8.Qd2 Qc7
9.O-O-O Nc6 10.g4 b5 11.h4 Bb7 12.h5 Nd7 13.Be2 Nb6 14.Nxc6 Bxc6 15.Qd4 Nd7
16.h6 e5 17.Qd2 g6 18.Kb1 O-O 19.Nd5 Bxd5 20.Qxd5 Nb6 21.Qd2 Nc4 22.Bxc4 bxc4
23.c3 a5 24.f4 Rfd8 25.f5 Qc6 26.Qd5 Qxd5 27.Rxd5 Kf8 28.a3 Ke8 29.Bb6 Rdc8
30.Bxa5 Kd7 31.Bb4 Kc6 32.Rhd1 Rd8 33.f6 Bf8 34.g5 Rd7 35.Kc2 Rdd8 36.b3 cxb3+
37.Kxb3  1-0

[Event "XII Izmailov Mem"]
[Site "Tomsk RUS"]
[Date "2008.07.03"]
[Round "9"]
[White "Timofeev,Arty"]
[Black "Loskutov,O"]
[Result "1/2-1/2"]
[WhiteElo "2664"]
[BlackElo "2434"]

1.e4 c5 2.Nf3 d6 3.d4 cxd4 4.Nxd4 Nf6 5.Nc3 a6 6.Be3 e5 7.Nf3 Qc7 8.a4 Be7
9.a5 O-O 10.Be2 Be6 11.O-O Rc8 12.Ng5 Bc4 13.Bxc4 Qxc4 14.Ra4 Qc6 15.Qd3 Nbd7
16.Nf3 Ng4 17.Rfa1 Nc5 18.Bxc5 Qxc5 19.Qe2 Nf6 20.Nd2 d5 21.exd5 Nxd5 22.Nxd5 Qxd5
23.Nc4 Qb5 24.Kf1 Bc5 25.b3 Bd4 26.Rd1 Rc6 27.g3 Rh6 28.Kg2 Qd7 29.h4 Qc6+
30.f3 g5 31.hxg5 Rh5 32.Qe4 Qe6 33.g4 Rxg5 34.Ne3 Bxe3 35.Qxe3 Qg6 36.Qe4 Rc8
37.Qxg6+ Rxg6 38.c4 h5 39.Rb4 Rc7 40.Rd5 hxg4 41.Rxe5 gxf3+ 42.Kxf3 Kg7 43.Rb6 Rd7
44.Ke4 Rg4+ 45.Kf5 Rdd4 46.Re3 Rg6 47.Rxb7 Rdg4 48.Ke5 Re6+ 49.Kf5 Reg6 50.Ke5 Re6+
51.Kf5  1/2-1/2

[Event "Helmut Kohl IM"]
[Site "Dortmund GER"]
[Date "2008.07.04"]
[Round "7"]
[White "Van der Weide,K"]
[Black "Gutman,L"]
[Result "1-0"]
[WhiteElo "2482"]
[BlackElo "2484"]

1.e4 c5 2.Nf3 d6 3.d4 cxd4 4.Nxd4 Nf6 5.Nc3 a6 6.Be3 e5 7.Nb3 Be6 8.f3 Be7
9.Qd2 O-O 10.O-O-O a5 11.Bb5 Na6 12.Qe2 Qb8 13.Kb1 Nc7 14.Ba4 d5 15.exd5 Ncxd5
16.Nxd5 Bxd5 17.Rhe1 Rc8 18.Bg5 Rd8 19.Qxe5 Bd6 20.Qe2 Bc6 21.Bxc6 bxc6 22.Nd4 h6
23.Bxf6 gxf6  1-0

[Event "World Open"]
[Site "Philadelphia USA"]
[Date "2008.07.05"]
[Round "6"]
[White "Thaler,Mi"]
[Black "Arnold,M"]
[Result "1-0"]
[WhiteElo "2149"]
[BlackElo "2336"]

1.e4 c5 2.Nf3 d6 3.d4 cxd4 4.Nxd4 Nf6 5.Nc3 a6 6.Be3 e6 7.f3 b5 8.g4 Nfd7
9.Qd2 Bb7 10.O-O-O Nb6 11.Nb3 N8d7 12.Na5 Rb8 13.Nxb7 Rxb7 14.Bf4 e5 15.Be3 Be7
16.g5 Rc7 17.h4 Nc5 18.Kb1 O-O 19.h5 b4 20.Nd5 Nxd5 21.exd5 f5 22.g6 h6 23.Bxc5 Rxc5
24.Bxa6 Qc7 25.Qe2 Ra8 26.Qd3 Bg5 27.Rhg1 e4 28.fxe4 Bf6 29.e5 dxe5 30.d6 Qd8
31.Bb7 Rb8 32.Qb3+ Kh8 33.Qf7 Qf8 34.d7 Rd8 35.Qxf8+ Rxf8 36.Rd6  1-0